000 00361nam a2200157Ia 4500
003 OSt
005 20231223092954.0
008 170524s9999 xx 000 0 und d
020 _a8126109688
040 _cIIMT UNIVERSITY
100 _aYadav- C.P.
245 0 _aHotel and Catering Industry
260 _bAnmol publication
260 _c2001
942 _2ddc
_c02
999 _c7356
_d7356